Tractar la informació : dels dits a les computadores / Lluís Segarra dels dits a les computadores / Lluís Segarra
Publicado:
Barcelona :
Graó : Servei d' Ensenyament i Investigació de la Diputació de Barcelona ,
1986
Descripción Física:
60 p. : il. ; 19'5 x 21 cm
Colección:
Biblioteca de la classe ; 12
Materias:
Informàtica
MARC
| LEADER | 00000nam a2200000Ia 4500 | ||
|---|---|---|---|
| 001 | 1934 | ||
| 008 | 160829s1986 xx 000 0 cat d | ||
| 080 | |a C-1-382 | ||
| 100 | |a Segarra, Lluís |9 19641 | ||
| 245 | |a Tractar la informació : |b dels dits a les computadores / Lluís Segarra | ||
| 260 | |a Barcelona : |b Graó : |b Servei d' Ensenyament i Investigació de la Diputació de Barcelona, |c 1986 | ||
| 300 | |a 60 p. : |b il. ; |c 19'5 x 21 cm | ||
| 490 | |a Biblioteca de la classe ; 12 | ||
| 650 | |a Informàtica |9 41043 | ||
| 710 | 1 | |a Barcelona (Catalunya : Província). |b Servei d'Ensenyament i Investigació |9 54366 | |
| 901 | |a Arxiu | ||
| 942 | |n 1 | ||
| 952 | |0 0 |1 0 |4 0 |6 C1382 |7 1 |9 41369 |a Arxiu |b Arxiu |d 2016-12-01 |l 0 |o C-1-382 |p 1934 |r 2016-12-01 00:00:00 |w 2016-12-01 |y ARXIU | ||
| 999 | |c 43176 |d 43176 | ||